| 000 | 00521nam a2200181 i 4500 | ||
|---|---|---|---|
| 001 | 23629 | ||
| 003 | ES-MaACL | ||
| 005 | 20230906152916.0 | ||
| 007 | t| | ||
| 008 | 021211s1966 sp ||||1| spa d | ||
| 100 | 1 |
_aAnciaux, Paul. _921404 |
|
| 245 | 1 | 3 |
_aEl sacramento del matrimonio / _cPaul Anciaux ; [traducción de Luis Vera Ordás]. |
| 250 | _a[1ª ed.]. | ||
| 260 |
_a[Barcelona : _bs.n., _c1966] |
||
| 300 |
_a282 p. ; _c18 cm. |
||
| 700 | 1 |
_aVera Ordás, Luis. _9113961 |
|
| 852 |
_aES-MaACL _jC-30464 _bR.60833 |
||
| 999 |
_c23629 _d23629 |
||